000 00446nam a2200181Ia 4500
008 101110s9999 xx 000 0 und d
041 _aENGLISH
082 _bSR11730
_a651.41
100 _aPatil, Chopade
245 _aBusiness Planning Part- II
520 _aCommerce
546 _aENGLISH
630 _aBusiness Planning Part- II
650 _aCommerce
655 _aCommerce
730 _aBusiness Planning Part- II
942 _cBOOK
999 _c806400
_d806397